Proceedings of IEEE Singapore International Conference on Networks/International Conference on Information Engineering 1995 : theme: Electrotechnology 2000, communications and networks, 3-7 July 1995, Singapore /

Bibliographic Details
Corporate Authors: Singapore International Conference on Networks/International Conference on Information Engineering Singapore, IEEE Singapore Section. Computer Chapter, National University of Singapore. Department of Electrical Engineering, Nanyang Technological University. School of Electrical and Electronic Engineering
Other Authors: Poo, G. S. (Gee-Swee), Seumahu, E. S.
Format: Conference Proceeding Book
Language:English
Published: Piscataway, N.J. : IEEE, [1995]
Subjects:

MARC

Tag First Indicator Second Indicator Subfields
LEADER 00000cam a2200000 a 4500
001 in00001404039
005 20151020054308.0
008 951204s1995 njua b 101 0 eng d
010 |a  95075915  
020 |a 0780325796 (softbound ed.) 
020 |a 078032580X (microfiche ed.) 
035 |a (OCoLC)33840294 
035 |9 AHN1030AM 
040 |a EYP  |c EYP  |d CUY  |d UIU  |d OCL  |d TXA  |d UtOrBLW 
049 |a TXAM 
090 |a TK5105.5  |b .I3255 1995 
092 0 |a 621.3981  |b Ie22p  |2 20 
111 2 |a Singapore International Conference on Networks/International Conference on Information Engineering  |d (1995 :  |c Singapore) 
245 1 0 |a Proceedings of IEEE Singapore International Conference on Networks/International Conference on Information Engineering 1995 :  |b theme: Electrotechnology 2000, communications and networks, 3-7 July 1995, Singapore /  |c edited by G.S. Poo, E.S. Seumahu. 
246 1 8 |a IEEE SICON/ICIE '95 
246 3 0 |a Electrotechnology 2000, communications and networks 
246 3 0 |a IEEE Singapore International Conference on Networks/International Conference on Information Engoneering 
246 1 4 |a Proceedings of 1995 IEEE Singapore International Conference on Networks/International Conference on Information Engineering 
264 1 |a Piscataway, N.J. :  |b IEEE,  |c [1995] 
264 4 |c ©1995 
300 |a xx, 674 pages :  |b illustrations ;  |c 28 cm. 
336 |a text  |b txt  |2 rdacontent 
337 |a unmediated  |b n  |2 rdamedia 
338 |a volume  |b nc  |2 rdacarrier 
500 |a "IEEE catalog number 95TH8061"--Title page verso. 
504 |a Includes bibliographical references and index. 
500 |a "Organised by IEEE Singapore Computer Chapter, School of EEE, Nanyang Technological University, Department of EE, National University of Singapore." 
650 0 |a Computer networks  |x Management  |v Congresses. 
650 0 |a Telecommunication  |v Congresses. 
700 1 |a Poo, G. S.  |q (Gee-Swee) 
700 1 |a Seumahu, E. S. 
710 2 |a IEEE Singapore Section.  |b Computer Chapter. 
710 2 |a National University of Singapore.  |b Department of Electrical Engineering. 
710 2 |a Nanyang Technological University.  |b School of Electrical and Electronic Engineering. 
999 |a MARS 
999 f f |s e0f03ce0-db6c-3a5f-906a-8c7ceffac19d  |i 6fd5075b-b5ce-3024-bf60-c76611071bb6  |t 0 
952 f f |p ric  |a Texas A&M University  |b Rellis Campus  |c Joint Library Facility  |d Remote Storage  |t 0  |e TK5105.5 .I3255 1995  |h Library of Congress classification  |i unmediated -- volume  |m A14822070044 
998 f f |a TK5105.5 .I3255 1995  |t 0  |l Remote Storage